A VINDICATION OF THE RIGHTS OF WOMEN (Record no. 216533)
[ view plain ]
| 000 -LEADER | |
|---|---|
| fixed length control field | 00466nam a22001457a 4500 |
| 008 - FIXED-LENGTH DATA ELEMENTS--GENERAL INFORMATION | |
| fixed length control field | 260204b |||||||| |||| 00| 0 eng d |
| 020 ## - INTERNATIONAL STANDARD BOOK NUMBER | |
| International Standard Book Number | 978-0-141-44125-2 |
| 100 ## - MAIN ENTRY--PERSONAL NAME | |
| Personal name | WOLLSTONECRAFT, MARY |
| 245 ## - TITLE STATEMENT | |
| Title | A VINDICATION OF THE RIGHTS OF WOMEN |
| 260 ## - PUBLICATION, DISTRIBUTION, ETC. | |
| Place of publication, distribution, etc. | LONDON |
| Name of publisher, distributor, etc. | PENGUIN BOOKS |
| Date of publication, distribution, etc. | 2004 |
| 300 ## - PHYSICAL DESCRIPTION | |
| Extent | LXXVIII, 269P. |
| 650 ## - SUBJECT ADDED ENTRY | |
| Topical term or geographic name entry element | 1. WOMEN - EDUCATION 2. WOMEN - SOCIAL AND MORAL QUESTIONS 3. WOMEN'S RIGHTS 4. FEMINSM |
| 942 ## - ADDED ENTRY ELEMENTS (KOHA) | |
| Source of classification or shelving scheme | Library of Congress Classification |
| Koha item type | Long Loan Book |
| Withdrawn status | Lost status | Source of classification or shelving scheme | Damaged status | Not for loan | Collection | Home library | Current library | Shelving location | Date acquired | Inventory number | Total checkouts | Full call number | Barcode | Date due | Date last seen | Date last checked out | Copy number | Price effective from | Koha item type |
|---|---|---|---|---|---|---|---|---|---|---|---|---|---|---|---|---|---|---|---|
| Library of Congress Classification | Arts & Social Sciences | Kisii University Library | Kisii University Library | On Display | 02/04/2026 | 111434 | 1 | HQ 1596 .W65 2004 | 50622 | 04/02/2026 | 03/19/2026 | 03/19/2026 | 1 | 02/04/2026 | Long Loan Book | ||||
| Library of Congress Classification | Arts & Social Sciences | Kisii University Library | Kisii University Library | On Display | 02/04/2026 | 111435 | HQ 1596 .W65 2004 | 50624 | 02/04/2026 | 2 | 02/04/2026 | Long Loan Book | |||||||
| Library of Congress Classification | Arts & Social Sciences | Kisii University Library | Kisii University Library | On Display | 02/04/2026 | 111436 | HQ 1596 .W65 2004 | 50630 | 02/04/2026 | 3 | 02/04/2026 | Long Loan Book | |||||||
| Library of Congress Classification | Arts & Social Sciences | Kisii University Library | Kisii University Library | On Display | 02/04/2026 | 111437 | HQ 1596 .W65 2004 | 50625 | 02/04/2026 | 4 | 02/04/2026 | Long Loan Book | |||||||
| Library of Congress Classification | Arts & Social Sciences | Kisii University Library | Kisii University Library | On Display | 02/04/2026 | 111438 | HQ 1596 .W65 2004 | 50639 | 02/04/2026 | 5 | 02/04/2026 | Long Loan Book |